| 000 | 00982nam a22003257a 4500 | ||
|---|---|---|---|
| 001 | 6299 | ||
| 003 | FISKH | ||
| 005 | 20250409143050.0 | ||
| 008 | 250409b cb ||||| |||| 00| 0 eng d | ||
| 020 | _a9780545273275 | ||
| 040 |
_aWDG _cWDG _dDLC _beng |
||
| 050 | _aPZ7.T3 A | ||
| 082 | _a813.6 | ||
| 100 | 1 |
_aThaler, Mike, _d(1936-) |
|
| 245 | 1 | 4 |
_aThe author visit from the Black Lagoon / _cby Mike Thaler ; illustrated by Jared Lee. |
| 250 | _aThis edition first published in 2010 | ||
| 260 |
_aNew York : _bScholastic , _c2010. |
||
| 300 |
_a61 pages : _billustrations ; _c20 cm. |
||
| 490 | 1 | _aBlack lagoon adventures | |
| 505 | _aN | ||
| 520 | _aA real author is coming to visit Mrs. Green's class. | ||
| 521 | 8 |
_a590
_bLexile |
|
| 521 | 8 |
_aN
_bRaz-Plus |
|
| 650 | 0 |
_aAuthors _vFiction. |
|
| 650 | 0 |
_aSchools _vFiction. |
|
| 700 | 1 |
_aLee, Jared _dillustrator |
|
| 906 |
_a7 _bcbc _ccopycat _d2 _encip _f20 _gy-gencatlg |
||
| 942 |
_2ddc _cBK _n0 |
||
| 999 |
_c6299 _d6299 |
||